| 000 | 00661nam a22001817a 4500 | ||
|---|---|---|---|
| 005 | 20250115110807.0 | ||
| 010 | _aENG-143412 | ||
| 020 |
_a9788195320547 _c250.00 |
||
| 035 | _aEN-126944 | ||
| 037 | _bDBAD | ||
| 082 | _a351.5 | ||
| 100 |
_aBangia Harshul _976586 |
||
| 245 |
_aCompilation of Central Civil Services National Pension System Rules _cHarshul Bangia |
||
| 260 |
_aUG -1, Ansal Chamber-1, 3 Bhikaji Cama Place, New Delhi _bSumedha Publishing House _c2021 |
||
| 270 |
_aUG -1, Ansal Chamber-1, 3 Bhikaji Cama Place, New Delhi _bNew Delhi _e110066 _k26104004 |
||
| 300 |
_axii,171p. _c24cm(pb) |
||
| 942 |
_2ddc _cEN _mBan _h351.5 |
||
| 999 |
_c208504 _d208504 |
||